Pilgrim Tercentenary : (Record no. 16310)
[ view plain ]
| 000 -LEADER | |
|---|---|
| fixed length control field | 01066cam a22002771a 4500 |
| 001 - CONTROL NUMBER | |
| control field | ca 27000498 |
| 003 - CONTROL NUMBER IDENTIFIER | |
| control field | DLC |
| 005 - DATE AND TIME OF LATEST TRANSACTION | |
| control field | 20260227111119.0 |
| 008 - FIXED-LENGTH DATA ELEMENTS--GENERAL INFORMATION | |
| fixed length control field | 891202s1920 maua b 000 0 eng |
| 010 ## - LIBRARY OF CONGRESS CONTROL NUMBER | |
| LC control number | ca 27000498 |
| 035 ## - SYSTEM CONTROL NUMBER | |
| System control number | (OCoLC)20725960 |
| 040 ## - CATALOGING SOURCE | |
| Original cataloging agency | DLC |
| Transcribing agency | WHi |
| Modifying agency | WHi |
| -- | DLC |
| 042 ## - AUTHENTICATION CODE | |
| Authentication code | premarc |
| 043 ## - GEOGRAPHIC AREA CODE | |
| Geographic area code | n-us-ma |
| 050 00 - LIBRARY OF CONGRESS CALL NUMBER | |
| Classification number | F68 |
| Item number | .P71 |
| 245 00 - TITLE STATEMENT | |
| Title | Pilgrim Tercentenary : |
| Remainder of title | observances at Plymouth, December 21, 1920 and the summer of 1921. |
| 260 ## - PUBLICATION, DISTRIBUTION, ETC. | |
| Place of publication, distribution, etc. | [Plymouth, Mass.] : |
| Name of publisher, distributor, etc. | Issued by the Plymouth Cordage Co. by authority of the Tercentenary Town Committee, |
| Date of publication, distribution, etc. | [1920] |
| 300 ## - PHYSICAL DESCRIPTION | |
| Extent | 15 p. : |
| Other physical details | ill. ; |
| Dimensions | 16 cm. |
| 500 ## - GENERAL NOTE | |
| General note | Cover title. |
| 500 ## - GENERAL NOTE | |
| General note | Running title: The Pilgrim Tercentenary, Plymouth, June to September, 1921. |
| 504 ## - BIBLIOGRAPHY, ETC. NOTE | |
| Bibliography, etc. note | Includes bibliographical references (p. 12-15) |
| 650 #0 - SUBJECT ADDED ENTRY--TOPICAL TERM | |
| Topical term or geographic name entry element | Pilgrims (New Plymouth Colony) |
| General subdivision | Centennial celebrations, etc. |
| 651 #0 - SUBJECT ADDED ENTRY--GEOGRAPHIC NAME | |
| Geographic name | Massachusetts |
| General subdivision | History |
| Chronological subdivision | New Plymouth, 1620-1691. |
| 710 2# - ADDED ENTRY--CORPORATE NAME | |
| Corporate name or jurisdiction name as entry element | Plymouth Cordage Company. |
| 740 0# - ADDED ENTRY--UNCONTROLLED RELATED/ANALYTICAL TITLE | |
| Uncontrolled related/analytical title | Pilgrim Tercentenary, Plymouth, June to September, 1921. |
No items available.